Curious George [braille] : the dog show / adaptation by Monica Perez ; based on the tv series teleplay written by Joe Fallon.
Curious George is given the winning dogs from a dog show that he has attended and, once he is home, decides to count how many he has.
Record details
- ISBN: 9780618723973
- ISBN: 0618723978
- Physical Description: 1 volume of print and braille (unpaged) : color illustrations ; 23 cm.
- Publisher: Boston : Houghton Mifflin, ©2006.
Content descriptions
| General Note: | "PBS Kids"- -Cover. "Level 1 curious about grouping"--Cover. This book is the original print version, with the addition of braille text transcribed on embossables. |
Search for related items by subject
| Subject: | Curious George (Fictitious character) > Juvenile fiction. Dog shows > Juvenile fiction. |
| LDR | 01446nam a2200349Ka 4500 | ||
|---|---|---|---|
| 001 | 139369 | ||
| 003 | CONS | ||
| 005 | 20150625064311.0 | ||
| 008 | 141112s201u miua jf 000 0 eng | ||
| 020 | . | ‡a9780618723973 | |
| 020 | . | ‡a0618723978 | |
| 035 | . | ‡a(CPomAG)LMN589115 | |
| 082 | 1 | 4. | ‡a[E] ‡214 |
| 100 | 1 | . | ‡aPerez, Monica. |
| 245 | 1 | 0. | ‡aCurious George ‡h[braille] : ‡bthe dog show / ‡cadaptation by Monica Perez ; based on the tv series teleplay written by Joe Fallon. |
| 246 | 3 | 0. | ‡aDog show |
| 264 | 1. | ‡aBoston : ‡bHoughton Mifflin, ‡c©2006. | |
| 300 | . | ‡a1 volume of print and braille (unpaged) : ‡bcolor illustrations ; ‡c23 cm. | |
| 336 | . | ‡atext ‡btxt ‡2rdacontent | |
| 336 | . | ‡atactile text ‡btct ‡2rdacontent | |
| 337 | . | ‡aunmediated ‡bn ‡2rdamedia | |
| 338 | . | ‡avolume ‡bnc ‡2rdacarrier | |
| 500 | . | ‡a"PBS Kids"- -Cover. | |
| 500 | . | ‡a"Level 1 curious about grouping"--Cover. | |
| 500 | . | ‡aThis book is the original print version, with the addition of braille text transcribed on embossables. | |
| 520 | . | ‡aCurious George is given the winning dogs from a dog show that he has attended and, once he is home, decides to count how many he has. | |
| 650 | 0. | ‡aCurious George (Fictitious character) ‡vJuvenile fiction. | |
| 650 | 0. | ‡aDog shows ‡vJuvenile fiction. | |
| 700 | 1 | . | ‡aFallon, Joe. |
| 914 | . | ‡aSCP_jd | |
| 959 | . | ‡i32269000781214 ‡lE Rey ‡aJuvenile - Easy ‡tEasy ‡g14.00 | |
| 852 | . | ‡p32269000781214 ‡jE Rey ‡gJuvenile - Easy ‡cEasy ‡y14.00 ‡bSBPL | |
| 901 | . | ‡a139369 ‡bUnknown ‡c139369 ‡tbiblio | |